000 01864cam a22003854i 4500
003 PE-LiUPU
005 20250731173556.0
008 150706s2010 pe a r 000 0 d
020 _a9786120019894
_q(tapa flexible)
035 _a(Sirsi) a249420
040 _aPE-LiUPU
_bspa
_cPE-LiUPU
_erda
082 0 4 _a286.7320928
_bC532
_221
100 1 _aAntonio Chavez, Samuel,
_eautor.
245 1 0 _aBreve Historia de las Raices del Adventismo en Bolivia 1897 - 1931 /
_cSamuel Antonio Chávez.
250 _aPrimera edición.
264 1 _aBolivia :
_bImprenta Nuevo Tiempo,
_c2013.
300 _a198 páginas ;
_c21 centímetros.
336 _atext
_2rdacontent
337 _aunmediated
_2rdamedia
338 _avolume
_2rdacarrier
505 0 _aLa Iglesia Adventista Del Séptimo Día, sus orígenes en el Área Urbana en la Paz-Bolivia -- LLegada de los Primeros adventistas a Bolivia -- Fundación de la Misión Boliviana de la IASD -- La primera Iglesia de la IASD en la Paz - Bolivia -- La Iglesia Adventista de Séptimo Día y su Establecimeinto en el Área Rural, La Paz-Bolivia -- Antecedentes Históricos del Mundo Indígena en Bolivia -- Establecimeinto de la Primera Estación Misionera en Bolivia: Rosario -- Establecimiento de la Segunda Estación Misionera en Bolivia -- La Iglesia Adventista del Séptimo día y su Expansión -- Establecimeinto de la Tercera Estación Misionera en Bolivia -- Establecimientos de la Quinta Estación Misionera en Bolivia: La Paz.
526 _aSEG42
526 _aSEG41
526 _aSEG40
526 _aSEG39
526 _aP94
526 _aP87
526 _aP86
526 _aP85
526 _aP77
526 _aP76
526 _aP35
999 _c61691
_d61691
980 _61
_aALBERTO SANCHEZ Responsable de Automatización
_81
_gALBERTO SANCHEZ Responsable de Automatización